Probability, statistics, and queueing theory : with computer science applications /

Guardado en:
Autor Principal: Allen, Arnold O.
Formato: Libro
Idioma:English
Publicado: New York : Academic Press, 1978.
Series:Computer science and applied mathematics series
Materias:
Etiquetas: Agregar Etiqueta
Sin Etiquetas, Sea el primero en etiquetar este registro!
LEADER 01227pam a2200277 a 4500
001 MAT.inmabb002699
008 780112s1978####nyua#####b####001#0#eng##
005 20130226123825.0
245 1 0 |a Probability, statistics, and queueing theory :  |b with computer science applications /  |c Arnold O. Allen. 
260 |a New York :  |b Academic Press,  |c 1978. 
300 |a xvi, 390 p. :  |b il. ;  |c 24 cm. 
440 0 |a Computer science and applied mathematics series 
504 |a Incluye referencias bibliográficas e índice. 
500 |a Incluye errata. 
505 0 |a 1. Introduction -- Part1, Probability: 2. Probability and random variables -- 3. Probability distributions -- 4. Stochastic processes -- Part 2, Queueing theory: 5. Queueing theory -- 6. Queueing theory models of computer systems -- Part 3, Statistical inference: 7. Estimation -- 8. Hypothesis testing. 
510 4 |a MR,  |c 80e:60103 
020 |a 0120510502 
100 1 |a Allen, Arnold O. 
650 0 |a Probabilities. 
650 0 |a Queuing theory. 
650 0 |a Mathematical statistics. 
650 0 |a Mathematics  |x Data processing. 
084 |a 60K25 (90B22 68M20)  |2 msc2000 
010 |a  77080778  
040 |a DLC  |c DLC  |d DLC 
859 |h 60  |i Al425  |p A-5145  |b BIB. MATEMATICA